000 00385cam a2200169 4500
001 D16416
008 090401t1891 xxu||||| |||| 00| 0 eng d
035 _a(Sirsi) u29251
041 _aeng
050 _a692.5
245 _aLaxton`s price book 1891
260 _aLondon
_bKelly & Co
_c1891
350 _a0
520 _aFiled with price books.
942 _n0
948 _c04/03/1997
999 _c89408
_d89408